Euroopan kaupungit kirjaimittain - B - Statistics

Yleistilastot
  • Tätä visaa on pelattu 51 kertaa
  • Keskiarvotulos 16 / 30
Vastaukset kartalla
Vastauksille on annettu kartalla punavihreä väri sen mukaan, kuinka moni on saanut sen oikein.
 
Vastaustilastot
% Oikein
Belgia Bryssel 1 255 795 50.846667 4.3525
95%
Saksa Berliini 3 685 265 52.523333 13.411389
92%
Sveitsi Bern 137 995 46.95 7.45
89%
Unkari Budapest 1 685 209 47.4925 19.051389
89%
Norja Bergen 293 709 60.3925 5.323333
87%
Espanja Barcelona 1 713 247 41.383333 2.183333
84%
Iso-Britannia Birmingham 1 121 408 52.483056 -1.893611
84%
Romania Bukarest 1 716 961 44.4325 26.103889
84%
Iso-Britannia Belfast 450 386 54.597 -5.93
68%
Serbia Belgrad 1 197 714 44.820556 20.462222
66%
Saksa Bremen 586 271 53.083333 8.8
66%
Italia Bologna 390 734 44.5075 11.351389
63%
Tšekki Brno 402 739 49.2 16.616667
58%
Espanja Bilbao 350 975 43.256944 -2.923333
55%
Saksa Bonn 323 336 50.733333 7.1
55%
Italia Bari 315 473 41.125278 16.866667
53%
Ranska Bordeaux 267 991 44.833333 -0.566667
47%
Iso-Britannia Bristol 425 232 51.45 -2.583333
47%
Sveitsi Basel 177 571 47.566667 7.6
42%
Norja Bodø 53 725 67.28 14.405
42%
Italia Bergamo 120 580 45.7 9.666667
34%
Iso-Britannia Bielefeld 331 605 52.016667 8.516667
32%
Valko-Venäjä Brest 342 461 52.100278 23.68
29%
Ruotsi Borås 114 872 57.716667 12.933333
26%
Portugali Braga 146 543 41.551111 -8.428333
26%
Iso-Britannia Bradford 333 931 53.8 -1.75
24%
Saksa Bochum 358 676 51.466667 7.2
18%
Ukraina Brovary 109 806 50.5106 30.7904
8%
Puola Bydgoszcz 326 434 53.123611 18.008333
Balašiha 55.797417 37.932528 4 balasiha
Barcelona 41.383333 2.183333 4 barcelona
Bari 41.125278 16.866667 4 bari
Basel 47.566667 7.6 4 basel
Belfast 54.597 -5.93 4 belfast
Belgrad 44.820556 20.462222 4 belgrad
Bergamo 45.7 9.666667 4 bergamo
Bergen 60.3925 5.323333 4 bergen
Berliini 52.523333 13.411389 4 berliini
Bern 46.95 7.45 4 bern
Bielefeld 52.016667 8.516667 4 bielefeld
Bilbao 43.256944 -2.923333 4 bilbao
Birmingham 52.483056 -1.893611 4 birmingham
Bochum 51.466667 7.2 4 bochum
Bodø 67.28 14.405 4 bodo
Bologna 44.5075 11.351389 4 bologna
Bonn 50.733333 7.1 4 bonn
Bordeaux 44.833333 -0.566667 4 bordeaux
Borås 57.716667 12.933333 4 boras
Bradford 53.8 -1.75 4 bradford
Braga 41.551111 -8.428333 4 braga
Bremen 53.083333 8.8 4 bremen
Brest 52.100278 23.68 4 brest
Bristol 51.45 -2.583333 4 bristol
Brno 49.2 16.616667 4 brno
Brovary 50.5106 30.7904 4 brovary
Bryssel 50.846667 4.3525 4 bryssel
Budapest 47.4925 19.051389 4 budapest
Bukarest 44.4325 26.103889 4 bukarest
Bydgoszcz 53.123611 18.008333 4 bydgoszcz
8%
Venäjä Balašiha 544 303 55.797417 37.932528
5%
Ehtoja vastaavia visoja ei löytynyt
Tulosjakauma
Jokaisen tuloksen saaneiden osuus
Persentiili vastausten määrän mukaan
Tuloshistoriasi
Et ole pelannut tätä visaa